Κατάλογος Βιβλιοθηκών Mediterranean College

Broadcasting in Education / An Evaluation (Record no. 4133)

MARC details
000 -LEADER
fixed length control field 01222cam a22002054a 4500
005 - ΗΜΕΡΟΜΗΝΙΑ ΚΑΙ ΩΡΑ ΤΕΛΕΥΤΑΙΑΣ ΕΝΗΜΕΡΩΣΗΣ
Πεδίο ελέγχου 20250605164137.0
008 - FIXED-LENGTH DATA ELEMENTS--GENERAL INFORMATION
Πεδίο ελέγχου σταθερού μήκους 250528s ||||||||||||||||||||||||d
035 ## - SYSTEM CONTROL NUMBER
System control number 18821
020 ## - ISBN
ISBN 9463680
040 ## - ΠΗΓΗ ΚΑΤΑΛΟΓΟΓΡΑΦΗΣΗΣ
Φορέας πρωτότυπης καταλογογράφησης MC Athens Campus Library
Γλώσσα καταλογογράφησης Ελληνικά, Μοντέρνα (1453-)
Modifying agency MC Athens Campus Library
Κανόνες περιγραφικής καταλογογράφησης AACR2
245 1# - ΤΙΤΛΟΣ ΚΑΙ ΔΗΛΩΣΗ ΥΠΕΥΘΥΝΟΤΗΤΑΣ
Τίτλος Broadcasting in Education / An Evaluation
250 ## - EDITION STATEMENT
Edition statement 1st
260 ## - PUBLICATION, DISTRIBUTION, ETC.
Name of publisher, distributor, etc. Constable,
Date of publication, distribution, etc. 1984
300 ## - PHYSICAL DESCRIPTION
Extent 274
520 ## - SUMMARY, ETC.
Summary, etc. The extremely wide range of purposes, target groups and contexts for which broadcasting has been used both in the formal and non-formal education sectors and its heavy use in British schools. Preface, Setting the Scene, Formal Education: Strategic Roles for Broadcasting, Schools Broadcasting: An End of Term Report, Non-Formal Basic Education: Strategic Roles for Broadcasting, Getting it Right: Helping the Disadvantaged, Continuing and Distance Higher Education: Strategic Roles for Broadcasting, Getting it Right: Continuing and Higher Education, Broadcasters and Professionalism and Educational Effectiveness, The Impact of New Technology on Educational Broadcasting, The Future of Educational Broadcasting, Appendix, Bibliography, Index.
700 1# - ΠΡΟΣΘΕΤΗ ΑΝΑΓΡΑΦΗ--ΦΥΣΙΚΟ ΠΡΟΣΩΠΟ
Personal name Bates A.W.
9 (RLIN) 5084
942 ## - ADDED ENTRY ELEMENTS (KOHA)
Koha item type Books
Holdings
Τύπος τεκμηρίου Βιβλιοθήκη Τρέχουσα τοποθεσία Barcode Αριθμός εισαγωγής Ημερομηνία απόκτησης Ταξιθετικό σύμβολο Αριθμός αντιτύπου Κατάσταση απόσυρσης Κατάσταση χαμένου Κατάσταση κατεστραμμένου Μη δανεισμός Σύνολο δανεισμών Ημερομηνία τελευταίας εμφάνισης Η τιμή ισχύει από
Books MC Athens Campus Library MC Athens Campus Library 9780000041326 3732 05/06/2025 384.54/43 BAT 1           05/06/2025 05/06/2025

MC Athens Campus Library
Πατησίων 94 & Κοδριγκτώνος 13, 104 34
Πελλήνης 8 & Πατησίων 107, 112 51
Τ: +30 210 8899600

MC Thessaloniki Campus Library
Ίωνος Δραγούμη 21, 54625 | Ίωνος Δραγούμη 15, 54625
Τ: +30 2310 287779 – Τ: +30 2314 440300